[Event "AUT-ch Blitz"]
[Site "Innsbruck"]
[Date "2024.06.01"]
[Round "6"]
[White "Kilgus, Georg"]
[Black "Keferboeck, Jewgeni"]
[Result "1-0"]
[WhiteElo "2297"]
[BlackElo "2006"]
[PlyCount "65"]
[EventDate "2024.06.01"]
[EventType "swiss (blitz)"]
[EventRounds "11"]
[EventCountry "AUT"]
[SourceTitle "CB23_2024"]
[SourceDate "2024.06.05"]
[SourceVersion "1"]
[SourceVersionDate "2024.06.05"]
[SourceQuality "1"]

1. d4 Nf6 2. Nf3 c5 3. e3 d5 4. Be2 Nc6 5. c3 cxd4 6. exd4 Bf5 7. 0-0 e6 8. Bf4 Bd6 9. Bxd6 Qxd6 10. Nbd2 0-0 11. Re1 Rfe8 12. Nh4 Bg6 13. Nxg6 hxg6 14. g3 e5 15. dxe5 Nxe5 16. Nb3 Rad8 17. Nd4 a6 18. a4 Nc4 19. Qc2 Re7 20. Bf3 Rde8 21. Rxe7 Rxe7 22. b3 Ne5 23. Bg2 Nc6 24. Nxc6 bxc6 25. b4 Qe5 26. Qd3 Ne4 27. Bxe4 dxe4 28. Qe3 Rd7 29. Re1 f5 30. f3 Rd3 31. Qxd3 Qxg3+ 32. hxg3 exd3 33. Rd1 1-0

[Event "AUT-ch Rapid"]
[Site "Innsbruck"]
[Date "2024.05.31"]
[Round "6"]
[White "Mira, Helene"]
[Black "Keferboeck, Jewgeni"]
[Result "0-1"]
[WhiteElo "1986"]
[BlackElo "1905"]
[PlyCount "138"]
[EventDate "2024.05.30"]
[EventType "swiss (rapid)"]
[EventRounds "9"]
[EventCountry "AUT"]
[SourceTitle "CB23_2024"]
[SourceDate "2024.06.05"]
[SourceVersion "1"]
[SourceVersionDate "2024.06.05"]
[SourceQuality "1"]

1. d4 Nf6 2. c4 c5 3. Nf3 cxd4 4. Nxd4 Nc6 5. Nc3 e6 6. g3 Bb4 7. Ndb5 0-0 8. a3 Bxc3+ 9. Nxc3 d5 10. cxd5 exd5 11. Bg2 d4 12. Nb1 Re8 13. 0-0 Bg4 14. f3 Bf5 15. Nd2 Qb6 16. Kh1 Rad8 17. Re1 Nd5 18. Nf1 Na5 19. b4 Nc4 20. Qb3 Nce3 21. Nxe3 Nxe3 22. Bxe3 Rxe3 23. Qb2 Rde8 24. Qd2 h6 25. a4 Qd6 26. Rad1 d3 27. exd3 Rxe1+ 28. Rxe1 Rxe1+ 29. Qxe1 Qxd3 30. a5 Kh7 31. f4 b6 32. h3 Qb1 33. Qxb1 Bxb1 34. axb6 axb6 35. Kg1 Kg6 36. Kf2 Kf5 37. Ke3 Ke6 38. Kd4 Kd6 39. Kc4 Kc7 40. Kd5 Ba2+ 41. Ke5 Kd7 42. Bd5 f6+ 43. Kd4 Bb1 44. Kc4 Kd6 45. Kd4 Bf5 46. g4 Bd7 47. f5 Bb5 48. Bf3 Bf1 49. h4 Bb5 50. Bd1 Bd7 51. Ke4 Bc6+ 52. Kf4 Bd5 53. Ba4 Bc6 54. Bxc6 Kxc6 55. g5 hxg5+ 56. hxg5 Kd5 57. gxf6 gxf6 58. b5 Kd4 59. Kf3 Ke5 60. Ke3 Kxf5 61. Kf3 Ke5 62. Ke3 Kd5 63. Kf4 Kc5 64. Kf5 Kxb5 65. Kxf6 Kc4 66. Ke5 b5 67. Ke4 b4 68. Ke3 Kc3 69. Ke2 Kc2 0-1

[Event "AUT-ch Rapid"]
[Site "Innsbruck"]
[Date "2024.05.30"]
[Round "1"]
[White "Keferboeck, Jewgeni"]
[Black "Casagrande, Harald"]
[Result "0-1"]
[WhiteElo "1905"]
[BlackElo "2157"]
[PlyCount "68"]
[EventDate "2024.05.30"]
[EventType "swiss (rapid)"]
[EventRounds "9"]
[EventCountry "AUT"]
[SourceTitle "CB23_2024"]
[SourceDate "2024.06.05"]
[SourceVersion "1"]
[SourceVersionDate "2024.06.05"]
[SourceQuality "1"]

1. e4 c6 2. d4 d5 3. e5 g6 4. c4 Be6 5. cxd5 Bxd5 6. Nf3 Bxf3 7. gxf3 e6 8. h4 h5 9. Nc3 Ne7 10. Ne4 Nd5 11. Bc4 Nd7 12. Bg5 Qa5+ 13. Kf1 N7b6 14. Bxd5 Nxd5 15. a3 Be7 16. Bxe7 Kxe7 17. Qc1 Rad8 18. Qg5+ Kd7 19. Nd6 Rhf8 20. Kg2 Qb6 21. Rhd1 f6 22. Qh6 Kc7 23. Rac1 Kb8 24. b4 fxe5 25. Nc4 Nf4+ 26. Kf1 Qb5 27. Qg5 exd4 28. Qxb5 cxb5 29. Ne5 Rf5 30. Rc5 a6 31. Rdc1 d3 32. Rc8+ Rxc8 33. Nd7+ Ka7 34. Rxc8 d2 0-1

[Event "AUT-ch U18"]
[Site "Sankt Veit an der Glan"]
[Date "2019.04.15"]
[Round "3"]
[White "Keferboeck, Jewgeni"]
[Black "Busch, Jan"]
[Result "1-0"]
[WhiteElo "1869"]
[BlackElo "1716"]
[PlyCount "61"]
[EventDate "2019.04.14"]
[EventType "swiss"]
[EventRounds "7"]
[EventCountry "AUT"]
[SourceTitle "CBM 190 Extra"]
[Source "ChessBase"]
[SourceDate "2019.07.15"]
[SourceVersion "1"]
[SourceVersionDate "2019.07.15"]
[SourceQuality "1"]

1. e4 c5 2. Nf3 d6 3. d4 cxd4 4. Nxd4 Nf6 5. Nc3 g6 6. f3 Bg7 7. Be3 0-0 8. Bc4 Nc6 9. Qd2 Bd7 10. 0-0-0 Rc8 11. Bb3 Ne5 12. Kb1 a6 13. Bh6 Nc4 14. Bxc4 Rxc4 15. Nce2 Qc7 16. Bxg7 Kxg7 17. g4 Rc8 18. g5 Nh5 19. Rc1 e5 20. Nb3 a5 21. Qxa5 b6 22. Qd2 Ra8 23. a3 b5 24. Nc3 Nf4 25. Rcd1 Ra6 26. Na2 d5 27. Nb4 Rd6 28. exd5 Bf5 29. Rhe1 Qe7 30. Qe3 e4 31. Qxf4 1-0

[Event "AUT-ch U18"]
[Site "St Veit"]
[Date "2018.03.27"]
[Round "5"]
[White "Keferboeck, Jewgeni"]
[Black "Toelly, Michael"]
[Result "1/2-1/2"]
[WhiteElo "1779"]
[BlackElo "2145"]
[PlyCount "74"]
[EventDate "2018.03.25"]
[EventType "swiss"]
[EventRounds "7"]
[EventCountry "AUT"]
[SourceTitle "EXT 2019"]
[Source "ChessBase"]
[SourceDate "2018.10.10"]
[SourceVersion "1"]
[SourceVersionDate "2018.10.10"]
[SourceQuality "1"]

1. e4 e5 2. Nf3 Nc6 3. Bc4 Bc5 4. Nc3 Nf6 5. d3 0-0 6. Be3 Bxe3 7. fxe3 d6 8. a3 Be6 9. Ba2 Qd7 10. 0-0 Rae8 11. Qd2 d5 12. exd5 Nxd5 13. Nxd5 Bxd5 14. e4 Bxa2 15. Rxa2 f5 16. Raa1 Nd4 17. Kh1 Nxf3 18. gxf3 Rf6 19. Rae1 Ref8 20. exf5 Rxf5 21. Re3 Qd5 22. Qe2 h6 23. Kg2 Rg5+ 24. Kh1 Rgf5 25. Kg2 Kh7 26. Re1 R8f6 27. b3 Rg6+ 28. Kh1 Rfg5 29. Qf2 Qc5 30. R3e2 Qc3 31. a4 a6 32. Qe3 b6 33. Qd2 Qc6 34. Qe3 Kh8 35. Qe4 Qd7 36. Qh4 Qf5 37. Qf2 Kh7 1/2-1/2

[Event "AUT-ch U18"]
[Site "St Veit"]
[Date "2018.03.26"]
[Round "3"]
[White "Keferboeck, Jewgeni"]
[Black "Koelber, Daniel"]
[Result "1/2-1/2"]
[WhiteElo "1779"]
[BlackElo "2088"]
[PlyCount "103"]
[EventDate "2018.03.25"]
[EventType "swiss"]
[EventRounds "7"]
[EventCountry "AUT"]
[SourceTitle "EXT 2019"]
[Source "ChessBase"]
[SourceDate "2018.10.10"]
[SourceVersion "1"]
[SourceVersionDate "2018.10.10"]
[SourceQuality "1"]

1. e4 c5 2. Nf3 d6 3. d4 cxd4 4. Nxd4 Nf6 5. Nc3 a6 6. Be3 e6 7. Be2 Nbd7 8. Nb3 Be7 9. f4 Qc7 10. 0-0 b5 11. a3 Bb7 12. Bf3 0-0 13. Qe1 Rac8 14. Rd1 Rfd8 15. Rf2 Nb6 16. Bxb6 Qxb6 17. Kh1 Nd7 18. Rfd2 Qc7 19. Rd3 Nb6 20. Nd2 Bf6 21. Qf2 Rd7 22. Rc1 Rcd8 23. Nd1 Na4 24. c3 d5 25. e5 Be7 26. Qe2 g6 27. Nb3 Rc8 28. Nd4 Qa5 29. Ne3 Nc5 30. Rdd1 Qa4 31. Qc2 Qxc2 32. Rxc2 Na4 33. Rb1 Rdc7 34. Kg1 Bc5 35. Rd2 Bb6 36. Nec2 Kf8 37. Kf2 Ke7 38. Ke2 Ba5 39. Nb4 Kd7 40. Rdd1 Rc4 41. Ke3 Bb6 42. Nbc2 a5 43. Rd3 Nc5 44. Rdd1 Nb3 45. Be2 R4c5 46. Kf3 Nxd4+ 47. Nxd4 Ba6 48. Nb3 R5c7 49. Nd4 Rc5 50. Nb3 R5c7 51. Nd4 Rc5 52. Nb3 1/2-1/2

[Event "AUT-ch U18"]
[Site "St Veit"]
[Date "2018.03.25"]
[Round "1"]
[White "Keferboeck, Jewgeni"]
[Black "Mesaros, Florian"]
[Result "0-1"]
[WhiteElo "1779"]
[BlackElo "2421"]
[PlyCount "64"]
[EventDate "2018.03.25"]
[EventType "swiss"]
[EventRounds "7"]
[EventCountry "AUT"]
[SourceTitle "EXT 2019"]
[Source "ChessBase"]
[SourceDate "2018.10.10"]
[SourceVersion "1"]
[SourceVersionDate "2018.10.10"]
[SourceQuality "1"]

1. e4 e5 2. Nf3 Nc6 3. Bc4 Nf6 4. d3 Bc5 5. Nc3 a6 6. Be3 Bxe3 7. fxe3 d6 8. a3 0-0 9. 0-0 Ne7 10. Qe1 c6 11. Ba2 Ng6 12. Kh1 Re8 13. Rd1 Be6 14. Bxe6 Rxe6 15. Qd2 Qd7 16. Ne2 Nh5 17. c4 Rf8 18. Nc3 Nf6 19. Qe1 Qc7 20. Rd2 b5 21. cxb5 axb5 22. Nh4 Nxh4 23. Qxh4 Qb6 24. Qe1 b4 25. axb4 Qxb4 26. Qa1 Rb8 27. Qa3 Qxa3 28. bxa3 Rb3 29. Nb1 Re8 30. Rdd1 Ng4 31. Rf3 Reb8 32. Nd2 Rxd3 0-1

[Event "Steyr Landesliga 1718"]
[Site "Austria"]
[Date "2017.10.21"]
[Round "3.5"]
[White "Eder, Matthias"]
[Black "Keferboeck, Jewgeni"]
[Result "1-0"]
[WhiteElo "2121"]
[BlackElo "1951"]
[PlyCount "45"]
[EventDate "2017.09.30"]
[EventType "team-tourn"]
[EventRounds "11"]
[EventCountry "AUT"]
[SourceTitle "CBM 181 Extra"]
[Source "ChessBase"]
[SourceDate "2017.12.12"]
[SourceVersion "1"]
[SourceVersionDate "2017.12.12"]
[SourceQuality "1"]
[WhiteTeam "Graz Schachfreunde II"]
[BlackTeam "Spg ISR"]
[WhiteTeamCountry "AUT"]
[BlackTeamCountry "AUT"]

1. e4 e5 2. Nf3 Nc6 3. d4 exd4 4. Nxd4 Bc5 5. Nb3 Bb6 6. Nc3 Qf6 7. Qe2 Nge7 8. Be3 d6 9. 0-0-0 Be6 10. Nd5 Bxd5 11. exd5 Ne5 12. Kb1 0-0 13. f4 Nc4 14. Bc1 Na5 15. Nxa5 Bxa5 16. g4 Ng6 17. g5 Qe7 18. Qf3 Rfe8 19. Bd3 Nf8 20. f5 Qe5 21. f6 c5 22. Bf4 Qd4 23. Bxh7+ 1-0